Gương mặt những người cùng thế hệ

Những người đã bỏ mình vì nước. Vài gương mặt bạn. Đôi nét phác họa. Hai bức chân dung.

Gespeichert in:
Bibliographische Detailangaben
1. Verfasser: Vũ Đình Hòe
Format: Buch
Sprache:Vietnamese
Veröffentlicht: Tp.HCM Nxb. Trẻ 2015
Schlagworte:
Tags: Tag hinzufügen
Keine Tags, Fügen Sie den ersten Tag hinzu!
Thư viện lưu trữ: Mạng thư viện Đại học Đà Nẵng
LEADER 01255nam a2200325 4500
001 000024093
003 20572
005 20161011101024.0
008 161006s2015 viesd
020 |a 9786041022898  |c 97000đ 
041 0 |a vie 
082 1 4 |a 959.7040922  |b VU-H 
100 1 |a Vũ Đình Hòe 
245 1 0 |a Gương mặt những người cùng thế hệ  |c Vũ Đình Hòe 
260 |a Tp.HCM  |b Nxb. Trẻ  |c 2015 
300 |a 313 tr.  |b ảnh  |c 21 cm. 
520 3 |a Những người đã bỏ mình vì nước. Vài gương mặt bạn. Đôi nét phác họa. Hai bức chân dung. 
650 0 4 |a Nhân vật lịch sử  |y Kháng chiến chống Mỹ  |z Việt Nam 
650 0 4 |a Nhân vật lịch sử  |y Kháng chiến chống Pháp  |z Việt Nam 
653 |a Nhà yêu nước 
OWN |a LSP 
AVA |a UDN50  |b LSP  |d 959.7040922 VU-H  |e available  |t Error 5001 Not defined in file expand_doc_bib_avail.  |f 4  |g 0  |h N  |i 0  |k 1 
999 |a From the UDN01 
AVA |a UDN50  |b LSP  |d 959.7040922 VU-H  |e available  |t Error 5001 Not defined in file expand_doc_bib_avail.  |f 4  |g 0  |h N  |i 0  |k 1 
TYP |a Monograph 
TYP |a Printed language 
980 |a Mạng thư viện Đại học Đà Nẵng